00407 2200145 4500001002100000008004100021035002000062245004000082100002300122260003100145300002100176082001100197650004000208990001300248INLIS000000000001147 ind  a0010-0423001147 aKUMPULAN BIOGRAFI - PAHLAWAN BANGSA aMB. RAHIMSYAH A.R. aSURABAYAbSERBA JAYAc2010 a160 hlm.c20 cm. a920598 aBIOGRAFI - INDONESIAM (ORANG-ORANG) a102789-1